| 000 | 00863nmc a2200325 a 4500 | ||
|---|---|---|---|
| 003 | AR-BaBNM | ||
| 005 | 20251128204857.0 | ||
| 008 | 060020s1995 ||||||||||||||000 | spa|| | ||
| 020 | _a84-7635-169-0 | ||
| 040 | _cAR-BaBNM | ||
| 100 | 1 | _aReyes, Graciela | |
| 245 | 1 | 0 | _aEl abecé de la pragmática |
| 260 |
_aMadrid _bArco Libros _c1995 |
||
| 300 | 0 | _a71 p. | |
| 490 | 0 |
_aCuadernos de lengua española _vv. 23 |
|
| 500 | 0 | _aContiene referencias bibliográficas | |
| 600 | 1 | 4 | _aGrice, Paul |
| 600 | 1 | 4 | _aSperber, Dan |
| 600 | 1 | 4 | _aWilson, Deirdre |
| 600 | 1 | 4 | _aSearle, John |
| 650 | 4 | _aMORFOLOGIA [LINGUISTICA] | |
| 650 | 4 | _aSINTAXIS | |
| 650 | 4 | _aTEORIA LINGUISTICA | |
| 650 | 4 | _aCOMUNICACION | |
| 650 | 4 | _aANALISIS LINGUISTICO | |
| 653 | _aPRAGMATICA | ||
| 800 | 1 |
_aGómez Tórrego, Leonardo _edirector |
|
| 942 | _cBK | ||
| 998 | _cMARTIN | ||
| 999 |
_c9159 _d9159 |
||